Top 10 défenseurs équipe de France - Statistiques

Statistiques générales
  • Ce quiz a été pris 203 fois
  • Le résultat moyen est 6 sur 10
Statistiques - réponses
Nombre de sélections Joueurs % Correct
93 Raphael Varane
99%
97 Laurent Blanc
88%
142 Lilian Thuram
87%
116 Marcel Desailly
81%
96 Bixente Lizarazu
74%
81 Patrice Evra
61%
84 William Gallas
41%
67 Eric Abidal
35%
82 Manuel Amoros
20%
76 Maxime Bossis
15%
Aucun quiz correspondant
Distribution des résultats
% des personnes avec chaque résultat
Percentile par nombre de réponses
Votre historique - résultats
Vous n’avez pas pris ce quiz